00381nam a2200133 a 450000500170000000800410001702000150005805000280007310000180010124500460011926000410016530000210020665000200022720140310183228.0040310s19uu xx 00 eng d a0345285557 aPS 3552.R596b.El5 1982 aBrooks, Terry aThe Elfstone of Shannara /cTerry Brooks. aNew York :bBallantine Books,c1982. a469 p. :c21 cm. aFantasy Fiction